Statistiques concernant Compagnies aériennes interdites par pays

Cliquez ici pour prendre le quiz!

Statistiques générales

  • Ce quiz a été pris 75 fois
    (74 depuis la dernière actualisation)
  • Le résultat moyen est 5 sur 21

Statistiques - réponses

NombrePays% Correct
22Russie
70%
1Iran
59%
2Afghanistan
52%
1Irak
51%
10République démocratique du Congo
40%
5République du Congo
35%
12Soudan
29%
20Népal
24%
10Libye
21%
2Érythrée
17%
1Venezuela
17%
7Angola
14%
1Djibouti
14%
1Zimbabwe
14%
2Guinée équatoriale
8%
10Kirghizistan
5%
1Liberia
5%
2Sao Tomé-et-Principe
5%
1Suriname
5%
1Sierra Leone
3%
8Arménie
2%

Distribution des résultats

Percentile par nombre de réponses

% des personnes avec chaque résultat

Votre développement - résultats

Vous n’avez pas pris ce quiz depuis la dernière actualisation